The Investor's guide to Liberia.
| Format: | Book |
|---|---|
| Published: |
London:
Nk Publishing,
2008.
|
| Subjects: |
| LEADER | 00381cam a2200133 7i4500 | ||
|---|---|---|---|
| 001 | 0000022714 | ||
| 005 | 20090604090000.0 | ||
| 090 | 0 | 0 | |a LIBR 332.67 |b INV |
| 245 | 0 | 0 | |a The Investor's guide to Liberia. |
| 260 | 0 | 0 | |a London: |b Nk Publishing, |c 2008. |
| 300 | # | # | |a 31 p. |
| 650 | 0 | 0 | |a Investments, Foreign -- |z Liberia |
| 651 | 0 | 0 | |a Liberia |
| 999 | |a 0000023532 |b Book |c Countries |e Business Information Centre | ||